000
00345 a2200169 4500
001
182686
020
_a
85-00-90703-7
040
_c
Magnum
100
_a
Barreto, Lima
240
1
0
_a
Clara dos Anjos
_l
por
245
1
0
_a
Clara dos Anjos
300
_a
256
362
0
_a
1997
440
1
_a
Ediouro
697
_a
LITERATURA GERAL
942
_c
BK
999
_c
182686
_d
182686